000 00514nam a2200181Ia 4500
008 100917s9999 xx 000 0 und d
082 _b47986
100 _aसुलाखे सु. गो.
245 _aचोरावर मोर
260 _bजगताप / कारले प्रकाशन
_c1972
300 _a58
365 _b1.5
520 _aनाटक
630 _aचोरावर मोर
650 _aनाटक
730 _aचोरावर मोर
942 _cBOOK
999 _c653380
_d653377